MARC

LEADER 00000nam0a2200000 4500
001 50980
005 20231101211300.0
035 |a (RuTPU)RU\TPU\book\53368 
090 |a 50980 
100 |a 20030423d1981 k y0rusy50 ca 
101 0 |a rus 
102 |a RU 
105 |a a z 001zy 
200 1 |a Химические источники тока  |f В. С. Багоцкий, А. М. Скундин 
210 |a Москва  |c Энергоиздат  |d 1981 
215 |a 360 с.  |c ил. 
320 |a Библиогр.: с. 351-357. 
606 1 |a Химические источники тока первичные  |2 stltpush  |3 (RuTPU)RU\TPU\subj\17226  |9 43003 
610 1 |a электрическая энергия 
610 1 |a ток 
610 1 |a пористые системы 
610 1 |a реальные электроды 
610 1 |a эксплуатация 
610 1 |a свинцовые аккумуляторы 
610 1 |a никель-кадмиевые аккумуляторы 
610 1 |a марганцево-цинковые элементы 
610 1 |a водные растворы 
610 1 |a неводные растворы 
610 1 |a генераторы электрохимические 
675 |a 621.351  |v 3 
700 1 |a Багоцкий  |b В. С.  |g Владимир Сергеевич 
701 1 |a Скундин  |b А. М.  |g Александр Мордухаевич 
801 1 |a RU  |b 63413507  |c 20030423  |g PSBO 
801 2 |a RU  |b 63413507  |c 20201009  |g PSBO 
942 |c BK